| 000 | 00744cam a22002653a 4500 | ||
|---|---|---|---|
| 001 | 32878 | ||
| 003 | PGUSA | ||
| 005 | 20140828083718.0 | ||
| 008 | 100618s2010||||xxu|||||s|||||000 1 eng d | ||
| 040 |
_aPGUSA _beng |
||
| 042 | _adc | ||
| 050 | 4 | _aPS | |
| 100 | 1 |
_aGilbert, Robert E., _d1924-1993 |
|
| 245 | 1 | 0 |
_aThy Rocks and Rills _h[electronic resource] / _cRobert E. Gilbert |
| 260 |
_bProject Gutenberg, _c2010 |
||
| 506 | _aPublic domain in the USA. | ||
| 516 | _aElectronic text | ||
| 653 | _aScience fiction | ||
| 653 | _aBullfighting -- Fiction | ||
| 653 | _aDueling -- Fiction | ||
| 700 | 1 |
_aBeecham, Tom, _d1926-2000 |
|
| 830 | 0 |
_aProject Gutenberg _v32878 |
|
| 856 | 4 | 0 | _uhttp://www.gutenberg.org/ebooks/32878 |
| 942 | _cEB | ||
| 999 |
_c262133 _d262133 |
||